Ultimate Name That Country Challenge - Statistics

General Stats
  • This quiz has been taken 124 times
  • The average score is 18 of 25
Answers on the Map
Answers color-coded by a green-red scale on the quiz's map according to % correct below.
 
Answer Stats
Answer % Correct
Answer
100%
Russia
96%
Myanmar
87%
Libya
85%
Cuba
83%
Oman
83%
Serbia
82%
Turkmenistan
81%
Papua New Guinea
80%
Costa Rica
78%
Bhutan
75%
Kiribati
72%
Gabon
69%
Belgium
66%
Fiji
64%
Mali
61%
South Korea
61%
Azerbaijan
57%
France
57%
Canada
56%
Eritrea
55%
Pakistan
54%
Portugal
52%
Guyana
49%
Bolivia
48%
No matching quizzes found
Score Distribution
Percent of People with Each Score
Percentile by Number Answered
Your Score History
You have not taken this quiz